000 00329nam a2200133Ia 4500
005 20260328104302.0
008 260328s9999||||xx |||||||||||||| ||und||
100 _aLemaitre, Eduardo
245 2 _aA brief History of Cartagena /
_cEduardo Lemaitre
260 _bColina
300 _a90 p.
650 _aCARTAGENA
942 _cBK
999 _c10636
_d10636